[Event "RUS-ch m1-2"]
[Site "Elista"]
[Date "1997.05.26"]
[Round "3.2"]
[White "Fominyh, Alexander"]
[Black "Morozevich, Alexander"]
[Result "0-1"]
[WhiteElo "2545"]
[BlackElo "2595"]
[Annotator "Tsesarsky,I"]
[PlyCount "104"]
[EventDate "1997.05.19"]
[EventType "k.o."]
[EventRounds "6"]
[EventCountry "RUS"]
[SourceTitle "CBM 059"]
[Source "ChessBase"]
[SourceDate "1997.08.01"]
[SourceVersion "1"]
[SourceVersionDate "1997.08.01"]
[SourceQuality "1"]

1. d4 Nf6 2. Nf3 d5 3. c4 e6 4. e3 a6 5. b3 c5 6. cxd5 (6. Be2 cxd4 7. exd4
Bb4+ 8. Bd2 Be7 9. O-O b6 10. Nc3 Bb7 11. Bg5 Nbd7 12. Rc1 O-O 13. cxd5 Nxd5
14. Bxe7 Qxe7 15. Nxd5 Bxd5 $15 {Kurajica,B-Sokolov,I/JUG-chT Cetinje 1991/1/
2-1/2 (60)}) (6. Nbd2 Nc6 7. Bb2 Be7 8. Be2 (8. Bd3 O-O 9. O-O dxc4 10. Nxc4 b5
11. Nce5 Nxe5 12. dxe5 Nd7 13. Nd2 Bb7 14. Ne4 Bxe4 15. Bxe4 $14 {1/2-1/2
Matthaei,A-Morawietz,D/Porz op 1993 (53)}) 8... O-O 9. O-O Re8 10. Re1 Bf8 11.
Bf1 cxd4 12. exd4 b6 13. Ne5 Bb7 14. Ndf3 Ne4 15. Rc1 Nxe5 16. Nxe5 Rc8 17. Bd3
g6 18. Qe2 Bh6 19. Rcd1 f6 20. Ng4 Bg7 $11 {Tibensky,R-Certek,P/Pila 1992/1-0 
(55)}) (6. Bd3 Nc6 7. Bb2 Bd6 8. O-O O-O 9. Nc3 b6 10. Rc1 cxd4 11. exd4 Bf4
12. Ra1 Bb7 13. Qe2 Re8 $11 {1-0 Bezgodov,A-Ivanov,S/ch-RUS KO, Elista RUS
1997 (33)}) 6... Nxd5 $146 (6... Qxd5 7. Nc3 Qd8 8. Bd3 cxd4 9. Nxd4 e5 10. Nc2
Nbd7 11. Bb2 Nc5 12. Be2 Bf5 13. Qxd8+ Rxd8 14. Rc1 Be7 $11 {Vospernik,Z-Orel,
O/Portoroz op 1994/1-0 (55)}) 7. a3 (7. e4 $5 Nf6 8. e5 (8. Nc3 cxd4 9. Nxd4
Bb4 $17) 8... Nd5 9. Be2 Nc6 10. dxc5 Qc7 11. Bb2 Bxc5 12. O-O O-O 13. Bd3 (13.
Nbd2 Nf4 14. Rc1 b6 15. Rc4 Nxe2+ 16. Qxe2 a5 $15 {[%cal Gc8a6]}) 13... Ndb4
14. Be4 Rd8 15. Qe2 b6 16. a3 Nd5 17. b4 Be7 18. Qc2 (18. Bc2 Bb7 19. Qe4 g6
20. Rc1 (20. Nbd2 Ndxb4 $1 $19)) 18... h6 19. Nc3 Nxc3 20. Qxc3 Bb7 21. Rac1
Rac8 22. h4 $14) 7... cxd4 8. Nxd4 Be7 $11 9. Be2 O-O 10. O-O e5 11. Nf3 Nc6 (
11... e4 12. Nfd2 Bf5 13. Bb2 $11) 12. Bb2 Bf6 (12... e4 13. Nd4 Nxd4 14. Bxd4
(14. Qxd4 Bf6 15. Qd2 Bxb2 16. Qxb2 Qg5 $11) 14... b5 15. Qc2 f5 16. Qc6 Rb8
17. Rc1 Nf4 $1 $11) 13. Nfd2 (13. Nbd2 e4 14. Bxf6 (14. Nd4 Nxd4 15. exd4 Re8 (
15... Nf4 16. Nxe4 Bxd4 17. Bxd4 Qxd4 18. Bf3 $14 (18. Qxd4 Nxe2+ $19)) 16. Nc4
b5 17. Ne3 Be6 $11) 14... Nxf6 15. Ng5 Qe7 16. Qc2 Bf5 17. Bc4 h6 18. Ngf3 Rfd8
$17) 13... e4 $5 (13... Be6 14. Nc3 $11) 14. Qc2 (14. Bxf6 Qxf6 15. Ra2 Bf5 16.
Qc2 Rfe8 17. Bc4 Rad8 18. Rc1 Qg6 19. Nc3 Bh3 20. Bf1 (20. g3 Nxc3 21. Qxc3 Ne5
$15) 20... Nxc3 21. Qxc3 Re5 $15) 14... Bf5 15. Nc3 (15. Rd1 Rc8) 15... Bxc3 $6
(15... Nxc3 16. Bxc3 Bxc3 17. Qxc3 Rc8 18. Rac1 Qe7 $11 (18... Qh4 19. Qc5 $14)
) 16. Bxc3 Qg5 (16... Rc8 17. Qb2 Qg5 $5 $132) (16... Nxc3 17. Qxc3 Qe7 $11)
17. Kh1 Rad8 18. Rfd1 (18. Bb2 Qg6 (18... Rd6 $6 19. Nxe4 $1 Qg6 20. Bd3 Ndb4
$5 21. Nxd6 (21. axb4 Rxd3 22. Ng3 Be6 23. Bc3 Rc8 24. Qb2 $14) 21... Nxc2 22.
Nxf5 Nxa1 23. Ne7+ Nxe7 24. Bxg6 Nxb3 25. Bc2 $16) (18... Rfe8 19. Rac1 Re6 $1
$132) 19. Rfd1 Rfe8 20. Rac1 Bg4 21. Bxg4 Qxg4 22. Nf1 Ne5 23. Rd4 Nc6 24. Rc4
Nb6 25. Rc5 Rd3 26. Ng3 Red8 27. h3 $14) 18... Rfe8 19. Bb2 Bg4 20. Nf1 (20.
Bxg4 Qxg4 21. Rac1 $14) 20... h5 21. Bxg4 Qxg4 22. Rd2 $6 (22. Rac1 $14) 22...
h4 23. Rad1 Qe6 24. h3 $11 {[%csl Rf1]} Rd6 25. b4 (25. Nh2 Red8 (25... Rc8 26.
Ba1 (26. Qc4 Rcd8 27. Ng4 b5 28. Qe2 f5 29. Nh2 Na5 $15) 26... Rcd8) 26. Ng4 f5
27. Nh2 Ne5 28. Bxe5 (28. Ba1 Nd3 $15) 28... Qxe5 29. Nf1 $11) 25... Red8 26.
Qc4 Qf5 (26... b5 $11) 27. Qe2 Rg6 $6 (27... R8d7) 28. Nh2 Rdd6 (28... b5 29.
Ng4 Rgd6 $11) 29. Ng4 $14 Qe6 $8 (29... b5 $2 30. Be5 $1 Nxe5 31. Rxd5 $16) 30.
f4 $6 (30. b5 $1 Nce7 (30... axb5 31. Qxb5 $16) 31. a4 $14) 30... Nce7 (30...
exf3 31. Qxf3 f5 32. Nf6+ $1 gxf6 33. Rxd5 $16) 31. Qc4 (31. Be5 $2 Nf5 $1 32.
Qc4 Nfxe3 33. Nxe3 Nxe3 34. Qxe6 Rdxe6 35. Re1 Nf5 $17) 31... f5 (31... b5 32.
Qc5 $16) 32. Ne5 Rg3 33. Qd4 (33. Qe2 Rxe3 34. Qh5 Rd8 35. Qxh4 b5 $132) 33...
Kh7 34. Nc4 (34. a4 Rd8 (34... Rxe3 35. Nc4 Rg3 36. Nxd6 Qxd6 $16) 35. Re1 b5
36. axb5 axb5 37. Ra1 $132) 34... Rc6 35. Ne5 Rc7 36. Re2 (36. Ng4 Qg6 37. Ne5
Qf6 38. Re2 $11) 36... Rc8 37. Qd2 Rd8 38. Qc1 Rd6 39. Rdd2 Ng8 40. Bd4 Ngf6
41. Qc2 Rd8 42. Re1 Qe8 43. Kg1 Nh5 44. Kh2 $2 (44. Qc4 $11) {[%tqu "En","","",
"","d5f4","",10]} 44... Ndxf4 $3 $17 45. exf4 Rxd4 $1 46. Rf1 (46. Rxd4 Nxf4 $1
47. Qc7 (47. Qc5 Rxg2+ 48. Kh1 Rg3 $2 (48... Qh5 $1 49. Qe7 (49. Rd7 Qg5 50.
Ng4 Nxh3 51. Nf6+ Kg6 52. Nxe4 fxe4 53. Qxg5+ Rxg5 54. Rxb7 Nf2+ 55. Kh2 h3 56.
Rg1 Rxg1 57. Kxg1 e3 58. a4 (58. Ra7 Ne4 59. Rxa6+ Kf5 60. Rc6 g5 61. Kh2 g4
62. Rc1 (62. b5 e2 63. Rc1 g3+ (63... Nf2 64. b6 Nd1 65. Rc5+ Kf6 66. Re5 Kxe5
67. b7 e1=Q 68. b8=Q+ Kd4 69. Qd6+ Ke3 70. Qe6+ Kd2 71. Qxg4 Nf2 72. Qb4+ Ke2
73. Qxe1+ Kxe1 74. a4 $11) 64. Kxh3 Nf2+ 65. Kh4 Nd1 66. Rc5+ Kf6 67. Rc6+ Ke7
$19) 62... Kf4 63. b5 Nf2 $19) 58... Ng4 59. b5 axb5 60. a5 Ne5 $1 $19) 49...
Rg3 50. Rd2 Rxa3 $1 51. Rh2 Rxh3 52. Rxh3 Nxh3 53. Rf1 e3 54. Qxb7 Nf2+ 55. Kh2
f4 56. Rxf2 Qxe5 $1 $19 (56... exf2 57. Qe4+ g6 58. Kg2 h3+ 59. Kxf2 h2 60.
Qb7+ Kh8 61. Qc8+ Kg7 62. Qb7+ Kf6 63. Nd7+ Kg7 (63... Kg5 64. Qd5+ Kh6 65.
Qxh5+ Kxh5 66. Kg2 g5 67. Kxh2 g4 68. Nc5 Kh4 69. Nxa6 f3 70. Nc5 g3+ 71. Kg1
$18) 64. Ne5+ $11)) 49. Rd2 Rxh3+ (49... b6 50. Qd6 Rxa3 51. Nd3 $1 $16) 50.
Rh2 Rxh2+ 51. Kxh2 Qe6 52. Rg1 Qa2+ 53. Kh1 $13) 47... Rxg2+ 48. Kh1 Rg3 (48...
Qh5 49. Ng4 (49. Re3 Qg5 50. Ng4 $8 fxg4 51. Qxb7 $8 Rg1+ $1 52. Kh2 (52. Kxg1
gxh3+ 53. Kf2 Qg2+ 54. Ke1 h2 55. Qxe4+ Qxe4 56. Rdxe4 h1=Q+ $19) 52... Rf1 $1
53. Qxe4+ Kh6 54. hxg4 Qxg4 55. Qe6+ Qxe6 56. Rxe6+ Nxe6 57. Rxh4+ Kg5 $19)
49... Rxg4 (49... Qg5 $2 50. Rf1 Rxg4 51. hxg4 Ne6 52. Qe5 Nxd4 53. Qxd4 Qxg4
54. Qe3 $14) 50. hxg4 Qxg4 51. Rd2 Qf3+ 52. Kg1 (52. Kh2 Qg3+ 53. Kh1 Qxe1+ $19
) 52... e3 53. Rb2 (53. Qxf4 Qxf4 $19) 53... Nh3+ 54. Kh2 Nf2 55. Rxf2 Qxf2+
56. Kh3 Qxe1 $19) 49. Nf7 Rxh3+ 50. Kg1 Ne6 (50... Rg3+ 51. Kh2) 51. Qd7 Qb8 $1
52. Qd6 (52. Rd6 Qa7+ $19) 52... Qa7 53. Red1 Rd3 $1 (53... Rg3+ 54. Kh2 Nxd4
55. Rxd4 $13) 54. R1xd3 exd3 55. Qxe6 Qxd4+ 56. Kh1 Qf6 $19) 46... Rxd2 47.
Qxd2 Qe6 48. Nd7 Qf7 49. Qd6 $2 (49. Ne5 $17) 49... Rd3 {1:0 (} 50. Ne5 Rxd6
51. Nxf7 Rd3 52. a4 Rd4 $19 {)} 0-1

[Event "ISR-ch"]
[Site "Jerusalem"]
[Date "1996.??.??"]
[Round "5"]
[White "Mittelman, Gur"]
[Black "Tyomkin, Dimitri"]
[Result "1-0"]
[WhiteElo "2375"]
[BlackElo "2430"]
[Annotator "Tsesarsky,I"]
[PlyCount "61"]
[EventDate "1996.10.26"]
[EventType "swiss"]
[EventRounds "9"]
[EventCountry "ISR"]
[SourceTitle "CBM 056"]
[Source "ChessBase"]
[SourceDate "1997.02.01"]
[SourceVersion "1"]
[SourceVersionDate "1997.02.01"]
[SourceQuality "1"]

1. d4 d5 2. c4 e6 3. Nf3 c6 4. Qb3 dxc4 5. Qxc4 b5 6. Qc2 Bb7 7. e4 Nd7 8. Bd3
(8. Nc3 Rc8 9. a3 Ne7 10. Be3 Ng6 11. Be2 a6 12. O-O c5 13. d5 Qc7 14. dxe6
fxe6 15. Ng5 Qc6 16. Bg4 b4 17. Na4 Nf6 18. Bxe6 Rc7 19. Rad1 Bd6 20. Bd5 Nxd5
21. exd5 Qb5 22. Ne6 {1-0 Stohl,I-Knaak,R/Stara Zagora zt-B (01) ;CBM 17 1990})
(8. Be2 a6 9. O-O c5 10. a4 b4 11. Bg5 Qc7 12. Nbd2 Ngf6 13. Rac1 Rc8 14. Rfe1
h6 15. Bh4 Nh5 16. d5 Nf4 17. Nc4 e5 18. Bg3 Ng6 19. Rcd1 Bd6 20. h4 O-O 21. h5
Ne7 22. Bh4 f6 23. Nfd2 Rcd8 24. Nxd6 Qxd6 25. Nc4 $16 {1-0 Rashkovsky,
N-Cherniaev,A/Gausdal PG (07) ;TD 93\09 1993 (36)}) (8. Nbd2 {N} Ngf6 (8... a6
$5 9. Nb3 Ngf6 10. Be3 c5 $13) 9. a3 {/\ b4} Qb6 (9... a6 $5 10. b4 a5 11. Rb1
axb4 12. axb4 Ra4 13. Qc3 Bd6 14. Bd3 Qe7 15. Ba3 e5 $13) 10. b4 a5 11. Rb1
axb4 12. axb4 Ra4 13. Qc3 Bd6 (13... e5 $2 14. Nxe5 Nxe5 15. dxe5 Ng4 16. Qg3
$16) 14. Bd3 e5 (14... O-O $2 15. Bc2 Raa8 16. e5 Nd5 17. Qd3 $18) (14... Ra8
$16) 15. dxe5 Ng4 16. O-O Ngxe5 (16... Ndxe5 $2 17. h3 $18) 17. Bc2 Ra8 18. Nd4
$1 Ng6 $2 (18... O-O $1 19. Nf5 c5 $14) 19. N2f3 $16 Nde5 (19... O-O 20. Nf5
Be5 21. Nxe5 Ngxe5 22. Be3 Qc7 23. f4 $18) 20. Nf5 Nxf3+ 21. Qxf3 Be5 22. Be3
$1 (22. Bb2 $5 Bxb2 23. Rxb2 O-O 24. Qc3 f6 25. Bb3+ Kh8 26. Rd2 $16) 22... Qc7
23. Bc5 $16 {1-0 Polgar,Zs-Cramling,P/Tilburg (ct) 61/417 1994 (34)}) 8... a6
9. a4 Ngf6 10. O-O Qb6 11. Nc3 b4 12. e5 (12. a5 $1 Qa7 13. e5 bxc3 14. exf6
gxf6 15. bxc3 c5 16. Be4 f5 17. Bxb7 Qxb7 18. Re1 Be7 19. Rb1 Qc6 20. c4 cxd4
21. Nxd4 Qc5 22. Qa4 Rg8 23. Nc6 Bd6 24. Rb7 Bxh2+ 25. Kf1 Rc8 26. Ne5 {
1-0 Lalic Bogdan-Rojo Gomez Jorge/It, Caseres (Spain) 1995}) 12... bxc3 13.
exf6 Nxf6 (13... cxb2 14. fxg7 bxa1=N 15. gxh8=Q Nxc2 16. Bxc2 c5 17. Ne5 $16)
(13... c5 $1 14. a5 Qc7 15. bxc3 (15. Be4 cxb2 16. fxg7 bxa1=N 17. gxh8=Q Nxc2
18. Bxc2 Bxf3 19. gxf3 Qxa5 20. Be3 $13) 15... Bxf3 16. gxf3 gxf6 17. Kh1 Bd6
$11) 14. bxc3 Qc7 (14... c5 15. Rb1 Qa7 16. Ne5 cxd4 17. cxd4 Bd5 (17... Bd6 $2
18. Nc6 $1 $18) (17... Rc8 $2 18. Qe2 $1 {[%csl Ra6,Rb7][%cal Gb1b7,Gd3a6]} Rc7
19. Be3 Nd5 (19... Qa8 20. Rxb7 $1 Qxb7 21. Bxa6 Qd5 22. Bb5+ Kd8 23. Rc1 Rxc1+
24. Bxc1 $18 {[%csl Rd8,Rf7]}) 20. Rxb7 $1 {The same idea...} Qxb7 21. Bxa6 Nc3
$1 22. Qd3 Qb2 23. Bd2 Bb4 24. Bb5+ Kd8 (24... Kf8 25. Nc4 Qb3 26. Rc1 $18) 25.
Nc6+ Rxc6 26. Bxc6 $18) 18. a5 $1 Bd6 (18... Nd7 19. Qa4 Rd8 20. Rb6 $18) 19.
Qa4+ Ke7 20. Rb6 $16) 15. Rb1 c5 $2 (15... Bd6 16. Bg5 c5 (16... Nd5 17. Be4 (
17. Bxh7 $2 g6 18. Bxg6 Bxh2+ 19. Kh1 Bd6+ 20. Kg1 Bh2+ $11) (17. Bd2 a5 18. c4
Nb4 19. Bxb4 Bxb4 20. c5 $14 (20. Bxh7 $2 g6 21. Ng5 (21. Bxg6 fxg6 22. Qxg6+
Qf7 23. Qxf7+ Kxf7 24. Ne5+ Kf6 25. Nd3 Ba6 (25... Bd6 26. Rxb7 Bxh2+ 27. Kh1
Bd6+ $11) 26. Nxb4 axb4 27. Rxb4 Rhd8 28. Rd1 c5 29. Rbb1 cxd4 $17) 21... O-O-O
$1 $17 (21... Qf4 22. Nxe6 Qh4 23. Nc7+ Kd8 24. Nxa8 Rxh7 25. h3 Bxa8 26. Qe2
$16))) 17... h6 18. Bh4 O-O 19. Rb3 Rab8 20. Rfb1 $14) 17. Bxf6 gxf6 18. Be4
$16) 16. Bf4 $1 $16 (16. Ne5 Bd6 17. Bg5 cxd4 18. cxd4 Qxc2 19. Bxc2 Rb8 $11)
16... Qxf4 (16... Qd7 $6 17. Ne5 Qd5 18. f3 $16 {[%cal Rd3e4,Rd3c4]}) 17. Rxb7
Bd6 18. Rb6 $1 (18. Qe2 O-O 19. g3 (19. Bxa6 Ne4 $1 $11 {[%csl Rc3,Rh2][%cal
Ge4g5]}) 19... Qg4 20. Rfb1 $14 (20. Ne5 Qxe2 21. Bxe2 Nd5 $10) (20. h3 $5 Qh5
(20... Qxh3 21. Ng5 Qh6 22. Nxf7 Rxf7 23. Qxe6 {[%cal Re6f7,Re6d6]} Nd7 24.
Qxh6 gxh6 25. Bc4 Rd8 26. dxc5 Bxc5 27. Rd1 Bxf2+ 28. Kg2 $18) 21. Kg2 cxd4 22.
cxd4 $10)) 18... cxd4 (18... O-O 19. Rxa6 Rxa6 20. Bxa6 g5 (20... Ra8 21. Bb5
Ng4 22. dxc5 (22. Qc1 Qf5 23. h3 Nf6 24. Qg5 $14) 22... Bxc5 (22... Bc7 $2 23.
Qc1) 23. h3 Nf6 24. Re1 $16) 21. dxc5 Bxc5 $16 (21... Bc7 22. Rd1 g4 23. Rd4
Qh6 24. Qd2 Qh5 25. Qg5+ Qxg5 26. Nxg5 Be5 27. Rc4 Rd8 28. Kf1 $18)) 19. cxd4
O-O 20. Rxa6 Rxa6 21. Bxa6 Ng4 (21... g5 22. Bb7 (22. h3 $5) 22... g4 23. g3
Qf5 (23... Qh6 24. Ne5 $16) 24. Qxf5 exf5 25. Ne5 $16) 22. Qc1 $8 Qf5 (22...
Ra8 23. Bb5 Nf6 24. Qxf4 Bxf4 25. g3 $16) 23. Bb5 {[%cal Yc1g5]} h6 24. Qc3 (
24. Qc6 $16) 24... e5 $4 $18 (24... Qf4 25. g3 Qf5 26. Kg2 Nf6 27. Re1 $16) 25.
h3 Nf6 (25... e4 26. hxg4 Qxg4 27. Ne5 $18) 26. dxe5 Ne4 27. Qe1 Bxe5 28. Bd3
Re8 29. Bxe4 Bh2+ 30. Kxh2 Rxe4 31. Qb1 1-0

[Event "RUS-ch 53rd"]
[Site "Samara"]
[Date "2000.06.26"]
[Round "10"]
[White "Iljushin, Alexei"]
[Black "Sveshnikov, Evgeny"]
[Result "0-1"]
[WhiteElo "2515"]
[BlackElo "2540"]
[Annotator "Tsesarsky,I"]
[PlyCount "86"]
[EventDate "2000.06.03"]
[EventType "swiss"]
[EventRounds "11"]
[EventCountry "RUS"]
[SourceTitle "CBM 078"]
[Source "ChessBase"]
[SourceDate "2000.10.18"]
[SourceVersion "1"]
[SourceVersionDate "2000.10.18"]
[SourceQuality "1"]

1. d4 d5 2. c4 e6 3. Nf3 Nf6 4. Bg5 dxc4 5. Qa4+ Nbd7 6. e4 (6. e3) (6. Qxc4)
6... a6 (6... Be7 7. Nbd2 (7. Nc3 O-O (7... a6 8. Bxc4 O-O 9. Qc2 c5 10. dxc5
Qc7 11. b4 b6 12. O-O Bb7 13. Rfe1 Ne5 14. Nxe5 Qxe5 15. Be3 bxc5 16. b5 axb5 {
1/2-1/2 Hort,Vlastimil-Lau,Ralf/GER-ch Bad Neuenahr (14) ;CBM 24 1991}) 8. Bxc4
(8. Qxc4 a6 9. e5 Nd5 10. h4 b5 11. Nxd5 exd5 12. Qxd5 Rb8 13. Be2 Bb7 14. Qb3
c5 15. dxc5 Nxc5 16. Qe3 Ne6 17. Bxe7 Qxe7 18. O-O Bxf3 19. Bxf3 Qxh4 $132 {
1/2-1/2 Wallace,John Paul-Lukacs,Peter/Budapest FS02 GM (4) ;CBM 46 ext 1995 
(29)}) 8... Nb6 9. Qb3 Nxc4 10. Qxc4 b6 11. e5 Nd5 12. Bxe7 Qxe7 $11) 7... O-O
8. Bxc4 Nb6 (8... a6 9. Qc2 c5 10. e5 Nd5 11. Bxd5 exd5 12. Bxe7 Qxe7 13. O-O
b6 14. Rfe1 Rd8 15. Rac1 Bb7 16. Nf1 Rac8 17. Qf5 $14 {Mohr-Kotronias/Budapest/
1988}) (8... c5 $5 9. e5 Nd5 10. Bxe7 Qxe7 11. Bxd5 exd5 12. O-O $13) 9. Qc2
Nxc4 (9... h6 $1 10. Bh4 $5 g5 11. Bg3 g4 12. Ne5 Qxd4 13. Be2 Bb4 14. O-O-O
$44) 10. Nxc4 h6 (10... b6 $6 11. Nce5 Bb7 12. Nc6 Bxc6 13. Qxc6 $16) 11. Bxf6
$1 (11. Bf4 b6 12. O-O-O Bb7 13. Rhe1 Qc8 14. h3 Rd8 15. Kb1 c5 $11 {
Mikhalchishin-Lukacs/Lvov/1984}) 11... Bxf6 12. O-O-O b5 $6 (12... b6 13. h4
Bb7 14. g4 $40) 13. Nce5 $16 {1/2-1/2 Dautov,Rustem-Ribli,Zoltan/Altensteig (4)
;CBM 43 1994 (16) ><c6,c5}) (6... c5 7. Nc3 a6 8. O-O-O b5 9. Nxb5 Qb6 10. Nc3
cxd4 11. Rxd4 Bc5 12. Bxf6 (12. Rd2 $16) 12... gxf6 13. Rxc4 Bxf2 14. Rc6 $14 (
14. Bd3 O-O $132 {Nikolaidis,I-Kapnisis,S/29th ch-GRE Team 2000/1/2-1/2 (42)}))
7. Qxc4 c5 8. Nbd2 cxd4 9. e5 $5 (9. Nxd4 Be7 $132) 9... h6 10. Bh4 $6 $15 ({
Equal position after} 10. Bxf6 gxf6 11. exf6 Bc5 12. Nxd4 Qxf6 13. N2b3 b6 (
13... Qe5+ 14. Be2 b5 15. Qc3 Bxd4 16. Qxd4 Bb7 17. Qxe5 Nxe5 18. O-O $11) 14.
Be2 Bb7 15. O-O Rg8 16. g3 Rc8 (16... Bd5 17. Qc3 $11) 17. Nxc5 Rxc5 18. Qd3
$132) 10... g5 11. Bg3 (11. exf6 gxh4 12. Qxd4 Qxf6 13. Qxf6 Nxf6 14. Nxh4 Bd7
$15) 11... Nh5 12. Qxd4 (12. O-O-O Nxg3 13. hxg3 g4 14. Nxd4 Nxe5 15. Qc3 Bg7
$15) 12... Qa5 {[%csl Re5][%cal Gh5g3,Gf8g7]} 13. Bc4 Bg7 {[%csl Re5] White
can't defend e5 P.} 14. O-O-O Qc5 (14... Nxg3 15. hxg3 Bxe5 (15... Nxe5 16.
Rhe1 f6 17. Nxe5 fxe5 18. Qd6 $14) 16. Nxe5 Qxe5 17. Ne4 Qxd4 18. Rxd4 {
[%csl Rg5][%cal Ge4g5]} b5 19. Be2 f6 20. f4 gxf4 21. gxf4 Ke7 $15) 15. Qc3 (
15. Ne4 Qxd4 16. Nxd4 Nxg3 17. hxg3 Nxe5 $15) (15. Qxc5 Nxc5 16. Rhe1 b5 $15 {
[%csl Rc4,Re5][%cal Gc8b7,Gh5g3]}) 15... Nxg3 16. hxg3 Bxe5 17. Nxe5 Qxe5 18.
Ne4 Qxc3+ 19. bxc3 Ke7 $6 {Black decided to return P and to complete
development.} (19... g4 {was keep P advantage:} 20. Nd6+ (20. Rh4 Ke7 21. Rdh1
Ne5 22. Be2 f5 23. Nd2 Nf7 $15) 20... Ke7 21. Rhe1 Nf6 (21... Nc5 22. Rd4 b5
23. Bf1 Bb7 24. Nxb7 Nxb7 25. Rxg4 $11) 22. Nf5+ Ke8 23. Nd6+ Kf8 $15) 20. Nxg5
Nf6 21. Rh4 $5 (21. Bd3 Bd7 22. Ne4 $11) 21... Bd7 22. Nf3 (22. Ne4 Nxe4 23.
Rxe4 Bc6 24. Red4 Bxg2 (24... Rad8 25. Rxd8 Rxd8 26. Rxd8 Kxd8 27. f3 $11) 25.
Rd7+ Kf6 $15) 22... Rac8 23. Kb2 Rc5 24. Nd2 $5 (24. Bb3 $11) 24... Rhc8 25.
Bb3 (25. Be2 $6 Rxc3 26. Nc4 Nd5 27. Rxd5 exd5 28. Kxc3 Be6 29. Rxh6 b5 30. a4
$15) 25... Bc6 ({Immediately to take on c3} 25... Rxc3 {was not effective} 26.
Nc4 $1 Nd5 27. Ne5 (27. Rxd5 exd5 (27... Rxb3+ 28. Kxb3 exd5 29. Nb6 Rc5 30.
Nxd7 Kxd7 31. Rxh6 $132) 28. Kxc3 b5 $1 29. Rxh6 dxc4 30. Bc2 a5 31. a3 Be6 $17
{[%cal Gc8b8]}) 27... Be8 (27... Bb5 28. Rxh6 $11) 28. Rxh6 $11) 26. f3 h5 27.
c4 (27. Rd4 Rg8 28. Nf1 Bb5 29. c4 e5 30. Rh4 Bc6 31. Kc3 $132) 27... Re5 {
It is very difficult to play for White this position. White must be ready to
play Nf1 if Black will play Rg5 or Rg8} (27... Rg8 28. Nf1 Re5 29. Kc3 $132)
28. Nf1 b5 29. Rd2 (29. Rhd4 Re2+ 30. R4d2 Rxd2+ 31. Nxd2 Rg8 32. cxb5 Bxb5 33.
a4 Bc6 34. Nf1 $11) (29. cxb5 $1 $11) 29... Rb8 30. Rc2 $2 $17 {[%mdl 16384]
Serious mistake} ({Was necessary} 30. cxb5 Bxb5 31. Nh2 Rg8 32. a4 Re2 33. Rhd4
Rxd2+ 34. Rxd2 Bc6 35. Nf1 $11) 30... b4 $1 {[%csl Rb3][%cal Ga6a5,Ga5a4]} 31.
Rd4 a5 32. Rf2 Nd7 33. Bc2 (33. Rfd2 a4 34. Bc2 Nc5 $17) 33... Re1 34. Rd1 Rxd1
35. Bxd1 Ne5 36. Be2 Rd8 37. f4 {Weaken Pg2, but what to do?} Nd3+ 38. Bxd3
Rxd3 39. Rd2 Rc3 ({Good was also} 39... Rxd2+ $5 40. Nxd2 Bxg2 41. Nb3 a4 42.
Nc5 Bf1 (42... Bc6 43. Nd3 $11) 43. Nxa4 (43. a3 bxa3+ 44. Kxa3 Bxc4 45. Kxa4
Kf6 46. Kb4 Bd5 $19) 43... Bxc4 44. Nb6 $1 Ba6 (44... Bd5 45. Nxd5+ exd5 46.
Kb3 Ke6 47. Kxb4 Kf5 48. a4 d4 49. a5 $18) 45. Kb3 Kf6 46. Nd7+ (46. Kxb4 Kf5
47. Nd7 Kg4 48. Nf6+ Kxg3 49. Nxh5+ Kg4 50. Nf6+ Kxf4 51. Kc5 Kf5 $17) 46...
Kf5 47. Ne5 f6 48. Nd7 Bc8 49. Nb6 Bb7 50. Nd7 Bd5+ 51. Kxb4 Bxa2 52. Kc3 Bd5
53. Kd4 Bc6 54. Nc5 Kg4 $17) 40. Rc2 Rxc2+ 41. Kxc2 Bxg2 42. Ne3 Be4+ 43. Kb3
Kd6 (43... Kd6 44. Ka4 Kc5 45. Kxa5 Bb1 $19) 0-1